000 00792nas a2200265 4500
001 BR9100629
003 BR-BrBNA
005 20231205091920.0
007 ta
008 230509b bl.|||p| |||| 00| 00por d
040 _aBR-BrBNA
_bpor
_cBiblioteca Nacional de Agricultura
041 _a(Pt)
072 _aP35
100 1 _aRicci, M.S.F.
100 1 _aDefelipo, B.V.
100 1 _aCosta, L.M.
100 1 _aRezende, S.B.
245 1 _aCapacidade de suprimento de potassio de solos selecionados no Estado de Minas Gerais
_bParte de tese
650 _aPOTASSIO
650 _aSOLO
650 _aMINAS GERAIS
773 0 _tRevista Ceres (Brazil)
_xISSN 0034-737X
_g(Mar-Apr 1989), v. 36(204) p. 123-131
_wBR9100629
909 _a202311
_bLúcia
_c55
_dLúcia Elande
942 _2AGRIS
_n0
_cANA
999 _c128124
_d128124